| 000 | 00714cam a2200241 4500 | ||
|---|---|---|---|
| 001 | ABS61311 | ||
| 008 | 000000n1999 000 0 eng u | ||
| 035 | _a(Sirsi) u100991 | ||
| 100 | _aLeitch, J. | ||
| 245 | _aStill digging for pay dirt | ||
| 260 | _c1999 | ||
| 490 |
_aContract Journal _v 6 October 1999, 18-20(3) |
||
| 520 | _aAnalysis of the first half -year results in the construction industry. Includes a brief look on the pan-European scene. Graphs. | ||
| 590 | _aABS | ||
| 650 | _aCONSTRUCTION INDUSTRY | ||
| 650 | _aPERFORMANCE | ||
| 650 | _aPROFIT MARGINS | ||
| 650 | _aSTATISTICS | ||
| 650 | _aEUROPE | ||
| 650 | _aCONSTRUCTION COMPANIES | ||
| 690 | _aBUILT ENVIRONMENT | ||
| 942 | _n0 | ||
| 999 |
_c60271 _d60271 |
||